| 000 | 01293nam a22002777a 4500 | ||
|---|---|---|---|
| 005 | 2012112006036.0 | ||
| 008 | 090408t xxu||||| |||| 00| 0 hin d | ||
| 010 | _aHIN-97423 | ||
| 020 |
_c495.00 _a9788188170887 |
||
| 035 | _aHN-69769 | ||
| 037 | _bDBAD / PUB | ||
| 040 |
_aDPL _bHN |
||
| 082 | _a155.904 | ||
| 100 |
_927482 _aसिंह, शारदानन्द |
||
| 245 |
_aमानव-तनाव और निदान / _cशारदानन्द सिंह; रमेश बंगालिया द्वारा संपादित |
||
| 260 |
_bमंजुली प्रकाशन _c2012 _aनई दिल्ली |
||
| 270 |
_aपी-4, पिलंजी सरोजिनी नगर _bनई दिल्ली _e110023 _k011- 26114151 _mManjuli_prakashan@rediffmail.com |
||
| 300 | 1 |
_a232पृ. _c22सेमी (सजिल्द) |
|
| 650 | _91169 | ||
| 700 |
_927483 _aबंगालिया, रमेश |
||
| 700 | _953630 | ||
| 710 | _952094 | ||
| 711 | _952444 | ||
| 942 |
_adpl _cHN _2ddc _mसिंहशा _h155.904 |
||
| 999 |
_c71489 _d71489 |
||